[Event "Vojvodina Championship 2012"]
[Site "Novi Sad"]
[Date "2012.07.01"]
[Round "5"]
[White "Remecki, Sinisa"]
[Black "Jandric, Damjan"]
[Result "1/2-1/2"]
[WhiteElo "2225"]
[BlackElo "2010"]
[PlyCount "63"]
[EventDate "2012.??.??"]
[Source "Perpetual Check"]

1. e4 c5 2. d4 cxd4 3. c3 d3 4. c4 Nc6 5. Bxd3 Nf6 6. Nc3 g6 7. Nf3 d6 8. h3
Bg7 9. O-O O-O 10. Be3 Nd7 11. Rc1 Nde5 12. Nxe5 Nxe5 13. Be2 Be6 14. Nd5 f5
15. f4 Nc6 16. exf5 Bxf5 17. Bd3 Bxb2 18. Rb1 Bg7 19. Rxb7 e6 20. Bxf5 Rxf5 21.
Qa4 exd5 22. Qxc6 Qe8 23. Rxg7+ Kxg7 24. Bd4+ Kg8 25. Qb7 Rf7 26. Qxd5 Rc8 27.
Qxd6 Rxc4 28. Be5 Qc6 29. Qd8+ Rf8 30. Qe7 Rf7 31. Qd8+ Rf8 32. Qe7 1/2-1/2

[Event "Vojvodina Championship 2012"]
[Site "Novi Sad"]
[Date "2012.07.01"]
[Round "5"]
[White "Elez, Nikola"]
[Black "Ilijc, Milan"]
[Result "0-1"]
[WhiteElo "2165"]
[BlackElo "2218"]
[PlyCount "115"]
[EventDate "2012.??.??"]
[Source "Perpetual Check"]

1. e4 d6 2. d4 Nf6 3. Nc3 g6 4. Bg5 Bg7 5. e5 Nfd7 6. exd6 cxd6 7. Qd2 Nc6 8.
Nf3 O-O 9. O-O-O Re8 10. Kb1 Nf6 11. d5 Nb4 12. Bxf6 exf6 13. Qf4 a5 14. Nb5
Re5 15. Nxe5 fxe5 16. Qe3 Bf5 17. Bd3 Nxd5 18. Qf3 Ne7 19. Bxf5 Nxf5 20. Qd5
Qf6 21. Nxd6 Nxd6 22. Qxd6 Qxf2 23. Qd5 Qb6 24. Rhf1 Rf8 25. c3 a4 26. a3 e4
27. Ka1 e3 28. Rde1 Bh6 29. g4 Qc7 30. g5 Bg7 31. Rxe3 Rd8 32. Rxf7 Rxd5 33.
Rxc7 Rxg5 34. Rxb7 h5 35. Ra7 Rg4 36. Rg3 Rxg3 37. hxg3 Be5 38. g4 hxg4 39. Re7
Bf4 40. Kb1 g3 41. Re2 Kf7 42. Kc2 Kf6 43. Kd3 Kf5 44. c4 Bd6 45. Ke3 Kg4 46.
Ke4 Bc5 47. Rg2 g5 48. Kd5 Bf2 49. c5 Kf3 50. c6 Bb6 51. Rc2 g2 52. Rc1 g4 53.
Rc3+ Kf2 54. Rc2+ Kg3 55. Rc1 Kh2 56. Ke4 Bc7 57. Kf5 g3 58. Rc2 0-1

[Event "Vojvodina Championship 2012"]
[Site "Novi Sad"]
[Date "2012.07.02"]
[Round "6"]
[White "Tosic, Miroslav"]
[Black "Indjic, Aleksandar"]
[Result "1/2-1/2"]
[WhiteElo "2415"]
[BlackElo "2432"]
[PlyCount "138"]
[EventDate "2012.??.??"]
[Source "Perpetual Check"]

1. d4 Nf6 2. Nf3 c5 3. d5 d6 4. Nc3 g6 5. e4 Bg7 6. Be2 O-O 7. O-O Na6 8. Re1
Nc7 9. a4 b6 10. h3 Bb7 11. Bf4 a6 12. Bf1 Rb8 13. Qd2 b5 14. Bh6 b4 15. Bxg7
Kxg7 16. Nd1 e6 17. c4 bxc3 18. Nxc3 exd5 19. exd5 Ncxd5 20. Nh4 Nxc3 21. Qxc3
Kg8 22. Nf3 Nd5 23. Qd2 Nb4 24. Nh2 Nc6 25. Rad1 Nd4 26. b4 h5 27. Qf4 Bc6 28.
bxc5 dxc5 29. Bxa6 Rb6 30. Bf1 Bxa4 31. Rc1 Rf6 32. Qg3 Rf5 33. Qa3 Bc6 34.
Rxc5 Qd6 35. Rec1 Nb3 36. Qxb3 Rxc5 37. Qb4 Rd5 38. Qxd6 Rxd6 39. Bc4 Rfd8 40.
Nf1 Rd1 41. Rc3 Bd5 42. Bxd5 R8xd5 43. g3 Re1 44. Kg2 Rdd1 45. Ne3 Rd2 46. Nc4
Ra2 47. h4 Ree2 48. Rf3 f5 49. Ne3 Kg7 50. Nd5 Red2 51. Nf4 Kf6 52. Nh3 Rd6 53.
Re3 Rad2 54. Re8 Re6 55. Ra8 Rc6 56. Ra7 Rcd6 57. Ng5 Rd7 58. Ra6+ R2d6 59. Ra8
Rc6 60. Ra4 Rdc7 61. Rd4 Ke5 62. Nf3+ Ke6 63. Ng5+ Ke7 64. Nh3 Ke6 65. Ng5+ Kf6
66. Rd5 Ke7 67. Ra5 Kf6 68. Ra8 Re7 69. Ra4 Rd6 1/2-1/2

[Event "Vojvodina Championship 2012"]
[Site "Novi Sad"]
[Date "2012.07.02"]
[Round "6"]
[White "Brajic, Miloje"]
[Black "Saric, Sinisa"]
[Result "0-1"]
[WhiteElo "2235"]
[BlackElo "2470"]
[PlyCount "70"]
[EventDate "2012.??.??"]
[Source "Perpetual Check"]

1. e4 d5 2. exd5 Qxd5 3. Nc3 Qd6 4. d4 Nf6 5. Bd3 Bg4 6. f3 Bh5 7. Nge2 Nc6 8.
Bf4 Qd7 9. Qd2 e6 10. O-O-O a6 11. g4 Bg6 12. g5 Nd5 13. Bxg6 hxg6 14. Nxd5
exd5 15. h4 O-O-O 16. Ng3 Nb4 17. a3 Qa4 18. Kb1 Nc6 19. h5 gxh5 20. Rxh5 Rxh5
21. Nxh5 Qb5 22. Qc3 Qe2 23. Re1 Qf2 24. Rd1 Qh4 25. Qd3 Qxh5 26. Qf5+ Kb8 27.
Re1 Qg6 28. Qxg6 fxg6 29. c3 Kc8 30. Kc2 Kd7 31. b4 Bd6 32. Bxd6 Kxd6 33. Kd3
Rf8 34. Rf1 Rh8 35. a4 Nd8 0-1

[Event "Vojvodina Championship 2012"]
[Site "Novi Sad"]
[Date "2012.07.02"]
[Round "6"]
[White "Cabarkapa, Velibor"]
[Black "Nestorovic, Dejan"]
[Result "0-1"]
[WhiteElo "2271"]
[BlackElo "2390"]
[PlyCount "52"]
[EventDate "2012.??.??"]
[Source "Perpetual Check"]

1. e4 c5 2. c3 Nf6 3. e5 Nd5 4. Nf3 e6 5. d4 cxd4 6. cxd4 d6 7. a3 Bd7 8. Bd3
Bc6 9. O-O Be7 10. b4 a6 11. Re1 Nd7 12. Bd2 Rc8 13. Qe2 N7b6 14. exd6 Qxd6 15.
Ne5 O-O 16. Qh5 Nf6 17. Qh3 Bb5 18. Bxb5 axb5 19. Nc3 Qxd4 20. Rad1 Nbd5 21.
Nxb5 Qb6 22. Nc3 Rfd8 23. Nxd5 Rxd5 24. Be3 Qd6 25. Rxd5 Qxd5 26. Bb6 Qxe5 0-1

[Event "Vojvodina Championship 2012"]
[Site "Novi Sad"]
[Date "2012.07.02"]
[Round "6"]
[White "Nestorovic, Lazar"]
[Black "Kler, Borko"]
[Result "0-1"]
[WhiteElo "2365"]
[BlackElo "2196"]
[PlyCount "52"]
[EventDate "2012.??.??"]
[Source "Perpetual Check"]

1. e4 c5 2. Nf3 d6 3. d4 cxd4 4. Nxd4 Nf6 5. Nc3 e6 6. Be3 Be7 7. g4 d5 8. exd5
Nxd5 9. Nxd5 exd5 10. Qd2 O-O 11. Rg1 Nc6 12. O-O-O Ne5 13. h3 Re8 14. b3 Ba3+
15. Kb1 Bd7 16. Bg2 Bc6 17. Nf5 d4 18. Qxd4 Bxg2 19. Rxg2 Qf6 20. Qa4 Red8 21.
Rxd8+ Rxd8 22. Qxa3 Rd1+ 23. Bc1 Nf3 24. c4 Qc3 25. Qb2 Nd2+ 26. Qxd2 Qxd2 0-1

[Event "Vojvodina Championship 2012"]
[Site "Novi Sad"]
[Date "2012.07.02"]
[Round "6"]
[White "Ilijc, Milan"]
[Black "Petkovic, Radosav"]
[Result "1/2-1/2"]
[WhiteElo "2218"]
[BlackElo "2305"]
[PlyCount "140"]
[EventDate "2012.??.??"]
[Source "Perpetual Check"]

1. c4 e5 2. g3 Nf6 3. Bg2 d5 4. cxd5 Nxd5 5. Nc3 Ne7 6. Nf3 Nbc6 7. O-O Nf5 8.
d3 Be7 9. b3 O-O 10. Bb2 Re8 11. Rc1 Bf8 12. Na4 Nfd4 13. Nc5 Rb8 14. Nxd4 Nxd4
15. e3 Nf5 16. Qc2 b6 17. Ne4 c5 18. Rfd1 Bb7 19. Qe2 f6 20. Qg4 Bc8 21. Qf3
Be6 22. Nc3 Ne7 23. Rd2 Qd7 24. Qd1 Red8 25. Ne2 Bd5 26. Bxd5+ Nxd5 27. d4 cxd4
28. exd4 Bb4 29. Rdc2 e4 30. a3 Bf8 31. Rc6 Bc5 32. R6xc5 bxc5 33. dxc5 Nf4 34.
Nd4 Nd3 35. c6 Qc7 36. Qc2 Rxd4 37. Bxd4 Nxc1 38. Qxc1 Rc8 39. Qc4+ Kh8 40. Qa6
Qxc6 41. Qxa7 e3 42. Bxe3 Rd8 43. Bd2 Qc2 44. Be1 Re8 45. Bb4 Qxb3 46. Qd7 Qb1+
47. Kg2 Qe4+ 48. Kg1 h6 49. h4 Re5 50. Qd8+ Kh7 51. Qd1 Rd5 52. Qf1 Qf3 53. Qg2
Qd3 54. Qf1 Qc2 55. Qg2 Rd1+ 56. Kh2 Qe2 57. Bc5 Rd3 58. Qb7 Rc3 59. Qb1+ Rc2
60. Be3 Qd3 61. Kg1 f5 62. a4 Qe4 63. a5 Rc6 64. Qxe4 fxe4 65. h5 g6 66. hxg6+
Kxg6 67. g4 h5 68. gxh5+ Kxh5 69. Kf1 Kg4 70. Ke2 Kf5 1/2-1/2

[Event "Vojvodina Championship 2012"]
[Site "Novi Sad"]
[Date "2012.07.02"]
[Round "6"]
[White "Ratkovic, Milovan"]
[Black "Stojanovic, Andjelija"]
[Result "0-1"]
[WhiteElo "2214"]
[BlackElo "2293"]
[PlyCount "84"]
[EventDate "2012.??.??"]
[Source "Perpetual Check"]

1. d4 Nf6 2. Nf3 c5 3. d5 e6 4. c4 exd5 5. cxd5 d6 6. Nc3 g6 7. e4 a6 8. a4 Bg4
9. Be2 Bxf3 10. Bxf3 Nbd7 11. O-O Bg7 12. Bf4 Qe7 13. Qd2 O-O 14. Bh6 Rfe8 15.
Bxg7 Kxg7 16. Rfe1 Rab8 17. Be2 Qe5 18. Qc2 h5 19. h3 h4 20. Rad1 Nf8 21. Qc1
g5 22. Nb1 Ng6 23. Nd2 Qf4 24. Qc3 b5 25. axb5 axb5 26. g3 hxg3 27. fxg3 Qe5
28. Qxe5 Rxe5 29. Nf3 Rxe4 30. Nxg5 Rb4 31. Rd2 Ne4 32. Nxe4 Rxe4 33. Kf2 Ne5
34. Ra1 Rh8 35. Bxb5 Rxh3 36. Kg2 Rh6 37. Rf2 Rb4 38. Be8 Rb8 39. Bc6 Ng4 40.
Re2 Rh2+ 41. Kf3 Rb3+ 42. Kxg4 Rxe2 0-1

[Event "Vojvodina Championship 2012"]
[Site "Novi Sad"]
[Date "2012.07.02"]
[Round "6"]
[White "Copic, Branko"]
[Black "Azaric, Slavko"]
[Result "1/2-1/2"]
[WhiteElo "2052"]
[BlackElo "2273"]
[PlyCount "36"]
[EventDate "2012.??.??"]
[Source "Perpetual Check"]

1. Nf3 d6 2. d4 g6 3. e4 Bg7 4. c4 Nc6 5. d5 Nb8 6. Nc3 Nf6 7. h3 O-O 8. Bd3 e5
9. dxe6 Bxe6 10. O-O Na6 11. Be3 Nc5 12. Qc2 Nxd3 13. Qxd3 Nd7 14. Qe2 Nb6 15.
Nd5 Nxc4 16. Qxc4 c6 17. Rfd1 cxd5 18. exd5 Bd7 1/2-1/2

[Event "Vojvodina Championship 2012"]
[Site "Novi Sad"]
[Date "2012.07.02"]
[Round "6"]
[White "Dimitrijevic, Radmilo"]
[Black "Radlovacki, Jovan"]
[Result "1/2-1/2"]
[WhiteElo "2236"]
[BlackElo "2412"]
[PlyCount "28"]
[EventDate "2012.??.??"]
[Source "Perpetual Check"]

1. e4 Nc6 2. Nf3 d6 3. d4 Bg4 4. Bb5 a6 5. Bxc6+ bxc6 6. h3 Bh5 7. Nc3 e6 8.
Qe2 Nf6 9. g4 Bg6 10. Bg5 Be7 11. O-O-O Nxe4 12. Nxe4 Bxe4 13. Bxe7 Bxf3 14.
Qxf3 Kxe7 1/2-1/2

[Event "Vojvodina Championship 2012"]
[Site "Novi Sad"]
[Date "2012.07.02"]
[Round "6"]
[White "Ujhazi, Ivan"]
[Black "Bodiroga, Predrag"]
[Result "1/2-1/2"]
[WhiteElo "2212"]
[BlackElo "2395"]
[PlyCount "167"]
[EventDate "2012.??.??"]
[Source "Perpetual Check"]

1. e4 d6 2. d4 Nf6 3. Nc3 e5 4. dxe5 dxe5 5. Qxd8+ Kxd8 6. Bc4 Ke8 7. Nf3 Bd6
8. h3 h6 9. Be3 a6 10. a4 Nc6 11. O-O-O Ke7 12. Rhe1 Nb4 13. Nd5+ Nbxd5 14.
exd5 Kd8 15. Kb1 Nd7 16. Bd2 f6 17. Bc3 Nb6 18. Bb3 a5 19. Nd2 Bd7 20. Re4 Bf5
21. Ree1 Bb4 22. Nc4 Bxc3 23. bxc3 Nxc4 24. Bxc4 Bd7 25. Bb5 Bxb5 26. axb5 Ke7
27. Kb2 Kd6 28. c4 Rhe8 29. Re3 b6 30. h4 h5 31. Rg3 Re7 32. Rg6 Rd8 33. Kc3
Kc5 34. Re1 Rd6 35. f3 Rd8 36. Re4 Rh8 37. f4 Rh6 38. Rg3 Kd6 39. fxe5+ fxe5
40. Rg5 Rf6 41. Rxh5 Rf4 42. Rxf4 exf4 43. Kd4 a4 44. Rh8 Re3 45. Rd8+ Ke7 46.
Ra8 a3 47. c3 Re2 48. Rxa3 Rxg2 49. c5 Rd2+ 50. Ke4 bxc5 51. Ra7 Kd8 52. Ra8+
Ke7 53. Rc8 Kd6 54. Rd8+ Ke7 55. Rc8 Kd6 56. Rd8+ Ke7 57. Rg8 Kf6 58. Rf8+ Ke7
59. Rxf4 Rb2 60. c4 g6 61. Ke5 Re2+ 62. Re4 Rf2 63. Re3 Rf1 64. Rg3 Re1+ 65.
Kf4 Kf7 66. Re3 Rf1+ 67. Ke5 Rg1 68. Kf4 Rf1+ 69. Rf3 Re1 70. Kg5+ Kg7 71. Rf4
Rg1+ 72. Rg4 Rf1 73. Re4 Rg1+ 74. Kf4 Kf7 75. Re6 Rf1+ 76. Kg4 Rg1+ 77. Kh3 Rc1
78. Rc6 Rxc4 79. Rxc7+ Kf6 80. b6 Ke5 81. b7 Rb4 82. Rxc5 Rxb7 83. Kg4 Rb1 84.
Ra5 1/2-1/2

[Event "Vojvodina Championship 2012"]
[Site "Novi Sad"]
[Date "2012.07.02"]
[Round "6"]
[White "Blazeka, Matej"]
[Black "Leskur, Dejan"]
[Result "1/2-1/2"]
[WhiteElo "2202"]
[BlackElo "2393"]
[PlyCount "32"]
[EventDate "2012.??.??"]
[Source "Perpetual Check"]

1. e4 g6 2. d4 Bg7 3. Nc3 c6 4. Nf3 d5 5. h3 Nh6 6. Be2 O-O 7. O-O f6 8. Re1
Nf7 9. Bf1 b6 10. a4 a6 11. a5 b5 12. exd5 cxd5 13. Nd2 e5 14. dxe5 fxe5 15.
Nb3 d4 16. Ne4 Be6 1/2-1/2

[Event "Vojvodina Championship 2012"]
[Site "Novi Sad"]
[Date "2012.07.02"]
[Round "6"]
[White "Kumic, Filip"]
[Black "Doric, Nenad"]
[Result "1/2-1/2"]
[WhiteElo "2210"]
[BlackElo "2339"]
[PlyCount "26"]
[EventDate "2012.??.??"]
[Source "Perpetual Check"]

1. d4 d6 2. Nf3 Bg4 3. c4 Bxf3 4. exf3 Nd7 5. f4 e6 6. g3 c6 7. Nc3 d5 8. f5
Qe7 9. fxe6 Qxe6+ 10. Be3 Ngf6 11. c5 Ng4 12. Qe2 Nxe3 13. Qxe3 Qxe3+ 1/2-1/2

[Event "Vojvodina Championship 2012"]
[Site "Novi Sad"]
[Date "2012.07.02"]
[Round "6"]
[White "Vukovic, Miroslav R"]
[Black "Kokeza, Mirko"]
[Result "0-1"]
[WhiteElo "2193"]
[BlackElo "2282"]
[PlyCount "155"]
[EventDate "2012.??.??"]
[Source "Perpetual Check"]

1. e4 d6 2. d4 Nf6 3. Nc3 g6 4. Nf3 Bg4 5. Be2 Bg7 6. Be3 O-O 7. O-O Nbd7 8. h3
Bxf3 9. Bxf3 e5 10. dxe5 Nxe5 11. Be2 Re8 12. Bg5 h6 13. Bh4 g5 14. Bg3 Ng6 15.
Bf3 Rb8 16. Re1 Nd7 17. Qd2 b5 18. Rab1 Nde5 19. Be2 Qd7 20. f4 gxf4 21. Bxf4
Nxf4 22. Qxf4 Ng6 23. Qf3 Qc6 24. Rf1 Qc5+ 25. Kh1 Ne5 26. Qg3 c6 27. Bd3 Re6
28. Ne2 Rg6 29. Qf2 Rd8 30. Nf4 Qxf2 31. Rxf2 Rf6 32. Rbf1 Re8 33. b3 Nd7 34.
g3 Nc5 35. Re2 h5 36. Kg2 Re5 37. g4 hxg4 38. hxg4 Rg5 39. Kh3 Nd7 40. Kh4 Bh6
41. Rg2 Ne5 42. Nh3 Rxf1 43. Bxf1 Ng6+ 44. Kg3 Re5 45. Bd3 Re6 46. Rf2 Bg7 47.
Rf5 Be5+ 48. Kf2 Nh4 49. Rh5 Rf6+ 50. Ke2 Bg3 51. a4 a6 52. axb5 axb5 53. c4 b4
54. c5 dxc5 55. Rxc5 Nf3 56. Ng5 Nd4+ 57. Kd1 Nxb3 58. Rc4 Rd6 59. Kc2 Na1+ 60.
Kb1 Be5 61. Nf3 Bc3 62. Be2 Nb3 63. Kc2 Nd2 64. e5 Nxc4 65. exd6 Nxd6 66. Kb3
Kg7 67. Ng5 Kg6 68. Nh3 f6 69. Bf3 c5 70. Nf4+ Kf7 71. Nd5 Ke6 72. Nxc3 bxc3
73. Kxc3 Ke5 74. Bd1 Ke4 75. Ba4 Ke3 76. Bd7 c4 77. Kc2 Kd4 78. Be6 {more moves
} 0-1

[Event "Vojvodina Championship 2012"]
[Site "Novi Sad"]
[Date "2012.07.02"]
[Round "6"]
[White "Peovic, Milos"]
[Black "Jandric, Damjan"]
[Result "1-0"]
[WhiteElo "2281"]
[BlackElo "2010"]
[PlyCount "101"]
[EventDate "2012.??.??"]
[Source "Perpetual Check"]

1. e4 c5 2. Nf3 d6 3. Bb5+ Bd7 4. Bxd7+ Nxd7 5. O-O Ngf6 6. Re1 e6 7. c3 Be7 8.
d4 cxd4 9. cxd4 d5 10. e5 Ne4 11. Nc3 Nxc3 12. bxc3 O-O 13. Rb1 Qc7 14. Qb3 Nb6
15. Bg5 Bxg5 16. Nxg5 h6 17. Nh3 Rfc8 18. Rbc1 Nc4 19. Nf4 Qe7 20. g3 b6 21. h4
Qa3 22. Qd1 Rc6 23. Qg4 Rac8 24. Rc2 Qf8 25. Ne2 Qe8 26. a4 R6c7 27. Ra2 Na5
28. Rb1 Rc4 29. Rb4 Qe7 30. Rab2 Rxb4 31. Rxb4 Rxc3 32. Rxb6 axb6 33. Nxc3 Qb4
34. Nb5 Qxa4 35. Nd6 Nc4 36. Qf3 Qd7 37. Nxc4 dxc4 38. Qa8+ Kh7 39. Qe4+ g6 40.
h5 b5 41. hxg6+ fxg6 42. Qf3 b4 43. d5 exd5 44. Qf6 c3 45. e6 Qe8 46. Qe5 Qe7
47. Qxd5 c2 48. Qc6 b3 49. Kh2 Kg7 50. Qc3+ Kf8 51. Qh8# 1-0

[Event "Vojvodina Championship 2012"]
[Site "Novi Sad"]
[Date "2012.07.02"]
[Round "6"]
[White "Lukajic, Bojan"]
[Black "Mihalj, Miroslav M"]
[Result "1/2-1/2"]
[WhiteElo "2137"]
[BlackElo "2276"]
[PlyCount "27"]
[EventDate "2012.??.??"]
[Source "Perpetual Check"]

1. e4 c5 2. Nf3 a6 3. c3 g6 4. d4 cxd4 5. cxd4 d5 6. exd5 Nf6 7. Nc3 Bg7 8. Bg5
Nxd5 9. Bc4 Nxc3 10. bxc3 O-O 11. O-O Nc6 12. a4 Qc7 13. Ba2 b6 14. Rc1 1/2-1/2

[Event "Vojvodina Championship 2012"]
[Site "Novi Sad"]
[Date "2012.07.02"]
[Round "6"]
[White "Ratkovic, Miloje"]
[Black "Cechi, Goran"]
[Result "1/2-1/2"]
[WhiteElo "2176"]
[BlackElo "2263"]
[PlyCount "70"]
[EventDate "2012.??.??"]
[Source "Perpetual Check"]

1. d4 Nf6 2. c4 g6 3. Nc3 d5 4. Nf3 Bg7 5. Qa4+ c6 6. cxd5 Nxd5 7. e4 Nb6 8.
Qd1 Bg4 9. Be3 Bxf3 10. Qxf3 Bxd4 11. Rd1 Bxc3+ 12. bxc3 N8d7 13. Bd4 f6 14.
Bxb6 Qxb6 15. Qh3 O-O-O 16. Be2 Kc7 17. O-O h5 18. Kh1 Qb2 19. Qe3 Nb6 20. f4
Rxd1 21. Rxd1 Rd8 22. Rxd8 Kxd8 23. h4 Qxa2 24. Qd3+ Kc7 25. f5 gxf5 26. Qg3+
f4 27. Qxf4+ e5 28. Qxf6 Qxe2 29. Qxe5+ Kd7 30. Qf5+ Ke7 31. Qe5+ Kd8 32. Qf6+
Kd7 33. Qf5+ Kd6 34. Qf6+ Kc7 35. Qe5+ Kd7 1/2-1/2

[Event "Vojvodina Championship 2012"]
[Site "Novi Sad"]
[Date "2012.07.02"]
[Round "6"]
[White "Sokic, Dragomir"]
[Black "Jovic, Stevan"]
[Result "0-1"]
[WhiteElo "2020"]
[BlackElo "2262"]
[PlyCount "106"]
[EventDate "2012.??.??"]
[Source "Perpetual Check"]

1. e4 c6 2. d4 d5 3. f3 g6 4. Nc3 Bg7 5. Be3 Nf6 6. Qd2 dxe4 7. Nxe4 e5 8. Nc3
exd4 9. Bxd4 O-O 10. O-O-O Be6 11. h4 b5 12. Kb1 Qa5 13. Nd5 Qxd2 14. Nxf6+
Bxf6 15. Rxd2 Rd8 16. Be3 Na6 17. Be2 Nb4 18. Rxd8+ Rxd8 19. a3 Nd5 20. Bxa7 b4
21. axb4 Ra8 22. c4 Rxa7 23. cxd5 Bf5+ 24. Kc1 cxd5 25. g4 Ra1+ 26. Kd2 Be6 27.
Ke3 Be7 28. Kf2 Bxb4 29. Kg2 Rb1 30. Bd3 Rxb2+ 31. Ne2 Rd2 32. Bb5 d4 33. Rb1
Bd6 34. Kf1 d3 35. Nc3 Rc2 36. Ne4 d2 37. Rd1 Bf4 38. Ke2 Rb2 39. Bd3 Bb3 40.
Rxd2 Bxd2 41. Nxd2 Kg7 42. Ke3 Bd5 43. Nf1 Ra2 44. Kf4 Rf2 45. Ke5 Bxf3 46. Ne3
f6+ 47. Ke6 Be2 48. Bb1 Rf3 49. Nd5 Bc4 50. h5 Rf1 51. Bc2 Rf2 52. Bb1 Rd2 53.
Be4 Re2 0-1

[Event "Vojvodina Championship 2012"]
[Site "Novi Sad"]
[Date "2012.07.02"]
[Round "6"]
[White "Pucarevic, Milenko"]
[Black "Vucinic, Gojko"]
[Result "1/2-1/2"]
[WhiteElo "2244"]
[BlackElo "2150"]
[PlyCount "42"]
[EventDate "2012.??.??"]
[Source "Perpetual Check"]

1. d4 Nf6 2. Nf3 e6 3. Bg5 c5 4. Bxf6 Qxf6 5. e3 Nc6 6. c3 d5 7. Nbd2 Bd6 8. a3
O-O 9. Be2 cxd4 10. exd4 Re8 11. O-O e5 12. dxe5 Nxe5 13. Bb5 Nc6 14. Re1 Bg4
15. Qa4 Bd7 16. Rxe8+ Bxe8 17. Re1 a6 18. Bxc6 bxc6 19. Nf1 Kf8 20. Qc2 g6 21.
Ng3 c5 1/2-1/2

[Event "Vojvodina Championship 2012"]
[Site "Novi Sad"]
[Date "2012.07.03"]
[Round "7"]
[White "Indjic, Aleksandar"]
[Black "Saric, Sinisa"]
[Result "1-0"]
[WhiteElo "2432"]
[BlackElo "2470"]
[PlyCount "83"]
[EventDate "2012.??.??"]
[Source "Perpetual Check"]

1. d4 Nf6 2. c4 g6 3. Nc3 Bg7 4. e4 d6 5. Nf3 O-O 6. Be2 Na6 7. O-O e5 8. Re1
Qe8 9. Bf1 Bg4 10. d5 Nb4 11. Be2 a5 12. h3 Bd7 13. Be3 Na6 14. Nd2 h6 15. b3
Nh7 16. a3 f5 17. f3 f4 18. Bf2 Qe7 19. Rb1 Bf6 20. Rf1 Bh4 21. Qe1 g5 22. b4
Kh8 23. c5 axb4 24. axb4 Rg8 25. c6 bxc6 26. dxc6 Be6 27. Bc4 Bxf2+ 28. Rxf2
Bxc4 29. Nxc4 Rac8 30. Nd5 Qg7 31. Ra1 Nb8 32. b5 h5 33. Ra7 g4 34. Nxd6 Ng5
35. fxg4 hxg4 36. hxg4 Nh7 37. Nxc8 Qxg4 38. Nce7 Ng5 39. Nxg8 f3 40. Ra3 Nh3+
41. Kh2 Nxf2 42. Qxf2 1-0

[Event "Vojvodina Championship 2012"]
[Site "Novi Sad"]
[Date "2012.07.03"]
[Round "7"]
[White "Stojanovic, Andjelija"]
[Black "Tosic, Miroslav"]
[Result "0-1"]
[WhiteElo "2293"]
[BlackElo "2415"]
[PlyCount "65"]
[EventDate "2012.??.??"]
[Source "Perpetual Check"]

1. Nf3 d5 2. g3 c6 3. Bg2 Bg4 4. h3 Bxf3 5. Bxf3 Nf6 6. d3 Nbd7 7. O-O e6 8.
Bg2 Bc5 9. c4 O-O 10. Nc3 Re8 11. Qc2 Rc8 12. cxd5 cxd5 13. Qb3 Bb6 14. Na4 Nc5
15. Nxc5 Rxc5 16. Bf4 Rc6 17. a4 Nh5 18. a5 Nxf4 19. gxf4 Bxa5 20. Qxb7 Rc7 21.
Qb5 Bb6 22. Rac1 Rxc1 23. Rxc1 Rf8 24. e3 g5 25. d4 Qe7 26. Qd3 Rb8 27. Rc6 Qb4
28. Rc2 Bd8 29. Bf1 Bb6 30. Qa6 Qe7 31. Bb5 Qd8 32. Bf1 Qe7 33. Bg2 {more moves
} 0-1

[Event "Vojvodina Championship 2012"]
[Site "Novi Sad"]
[Date "2012.07.03"]
[Round "7"]
[White "Nestorovic, Dejan"]
[Black "Kler, Borko"]
[Result "1-0"]
[WhiteElo "2390"]
[BlackElo "2196"]
[PlyCount "121"]
[EventDate "2012.??.??"]
[Source "Perpetual Check"]

1. d4 Nf6 2. c4 g6 3. Nc3 Bg7 4. e4 d6 5. Be2 O-O 6. Bg5 c5 7. d5 e6 8. Nf3 h6
9. Bh4 e5 10. Nd2 Re8 11. O-O Nbd7 12. a3 Nf8 13. b4 b6 14. f3 g5 15. Bf2 Nh5
16. g3 Ng6 17. Qc2 Bh3 18. Rfe1 Qf6 19. Nf1 Kh8 20. Ne3 Rg8 21. bxc5 bxc5 22.
Ng4 Qe7 23. Bf1 Bxf1 24. Rxf1 Bf8 25. Rab1 Nhf4 26. Kh1 Nh3 27. Ne3 Qf6 28. Nf5
Ne7 29. Be3 h5 30. Rb7 Nxf5 31. exf5 g4 32. fxg4 Rxg4 33. Ne4 Qg7 34. Qg2 h4
35. Qxh3 Rxe4 36. gxh4 Qg4 37. Qxg4 Rxg4 38. Rxf7 Kg8 39. Rb7 Rg7 40. Rg1 Rxg1+
41. Kxg1 Bg7 42. Rd7 Bf8 43. f6 Rb8 44. h5 Rb3 45. Kf2 Rxa3 46. h6 Ra2+ 47. Kg3
Ra3 48. h7+ Kh8 49. Kf2 Ra2+ 50. Kf3 Rxh2 51. Rd8 Kxh7 52. Rxf8 Kg6 53. Rd8 Rc2
54. Rxd6 Rxc4 55. Rc6 Rh4 56. Bxc5 a5 57. Be7 Rd4 58. d6 Kf7 59. Rc5 a4 60.
Rxe5 a3 61. Ra5 1-0

[Event "Vojvodina Championship 2012"]
[Site "Novi Sad"]
[Date "2012.07.03"]
[Round "7"]
[White "Azaric, Slavko"]
[Black "Drazic, Sinisa"]
[Result "1/2-1/2"]
[WhiteElo "2273"]
[BlackElo "2528"]
[PlyCount "156"]
[EventDate "2012.??.??"]
[Source "Perpetual Check"]

1. e4 d6 2. d4 Nf6 3. Nc3 c6 4. f4 Qa5 5. e5 Ne4 6. Qf3 Nxc3 7. Bd2 Bf5 8. Bxc3
Qd5 9. Qxd5 cxd5 10. Bd3 Bxd3 11. cxd3 Nc6 12. Nf3 e6 13. Ke2 Be7 14. b4 a6 15.
b5 axb5 16. Rhb1 dxe5 17. Rxb5 exd4 18. Bb2 O-O-O 19. Rc1 Bf6 20. Bxd4 Rd7 21.
Be5 Bxe5 22. Nxe5 Rc7 23. Rbc5 h5 24. Ke3 h4 25. Nxc6 bxc6 26. Rxc6 Rxc6 27.
Rxc6+ Kd7 28. Rc3 h3 29. g4 Ra8 30. a3 f6 31. d4 Ra4 32. Rd3 g5 33. fxg5 fxg5
34. Kd2 Rc4 35. Kd1 Kc6 36. Ke1 Kb5 37. Rb3+ Kc6 38. Rd3 Rc1+ 39. Kd2 Rg1 40.
Rxh3 Rxg4 41. Kc3 Rg2 42. Rg3 Rxh2 43. Rxg5 Rh3+ 44. Kb4 Rh4 45. Kc3 Rh3+ 46.
Kb4 Rd3 47. Rg4 Kb6 48. Rh4 Kc6 49. Rg4 Kd6 50. Rh4 Kd7 51. a4 Kd6 52. Kb5 Rb3+
53. Ka6 Rb4 54. a5 Ke7 55. Rg4 Kd7 56. Rh4 Kc7 57. Rh7+ Kc6 58. Rh6 Kd6 59. Rh4
Rb1 60. Rh2 Rd1 61. Rh4 Kc6 62. Rh6 Kd6 63. Rh4 Kc6 64. Rh6 Re1 65. Rh2 Rc1 66.
Rh6 Kd7 67. Rh7+ Kd6 68. Kb7 Rc4 69. Rh4 Rb4+ 70. Ka6 Kd7 71. Ka7 Ke7 72. Rf4
Ke8 73. a6 Ke7 74. Ka8 Kd7 75. a7 Kd6 76. Rh4 Kc6 77. Rh6 Rxd4 78. Rxe6+ Kc7
1/2-1/2

[Event "Vojvodina Championship 2012"]
[Site "Novi Sad"]
[Date "2012.07.03"]
[Round "7"]
[White "Jovic, Stevan"]
[Black "Nestorovic, Nikola"]
[Result "1-0"]
[WhiteElo "2262"]
[BlackElo "2437"]
[PlyCount "93"]
[EventDate "2012.??.??"]
[Source "Perpetual Check"]

1. d4 Nf6 2. Nf3 c5 3. d5 b5 4. a4 b4 5. c4 d6 6. b3 g6 7. Bb2 Bg7 8. e4 O-O 9.
Nbd2 e5 10. Qc2 Nbd7 11. Be2 a5 12. Ng1 Nb6 13. h3 Ne8 14. h4 f5 15. h5 Nf6 16.
Bf3 Nxh5 17. Bxh5 gxh5 18. Rxh5 Qe8 19. Rh2 fxe4 20. Nxe4 Bf5 21. Ne2 Qg6 22.
N2g3 Bxe4 23. Qxe4 Rf6 24. Qxg6 Rxg6 25. Ne4 Nd7 26. Ke2 Rf8 27. Rah1 Nf6 28.
Nxf6+ Rgxf6 29. f3 Rg6 30. Bc1 e4 31. f4 Rg3 32. Be3 Bd4 33. Bxd4 cxd4 34. Rxh7
Rxg2+ 35. Kf1 Rc2 36. Rh8+ Kf7 37. R8h2 Rxh2 38. Rxh2 Kf6 39. Kf2 Kf5 40. Rh4
Rg8 41. Rh7 e3+ 42. Kf3 Re8 43. Rh5+ Kf6 44. Rh2 Rf8 45. Ke4 Rf7 46. Rh6+ Kg7
47. Re6 {more moves} 1-0

[Event "Vojvodina Championship 2012"]
[Site "Novi Sad"]
[Date "2012.07.03"]
[Round "7"]
[White "Petkovic, Radosav"]
[Black "Copic, Branko"]
[Result "0-1"]
[WhiteElo "2305"]
[BlackElo "2052"]
[PlyCount "65"]
[EventDate "2012.??.??"]
[Source "Perpetual Check"]

1. e4 d6 2. d4 Nf6 3. Nc3 g6 4. g3 Bg7 5. Bg2 O-O 6. Nge2 e5 7. h3 exd4 8. Nxd4
Re8 9. O-O Nbd7 10. Nb3 Nb6 11. a4 a5 12. Nd4 c6 13. Qd3 d5 14. exd5 Nfxd5 15.
Nxd5 Nxd5 16. c3 Qb6 17. Rd1 Bd7 18. Kh2 h6 19. Ra3 Rad8 20. Rb3 Qa7 21. Bxd5
cxd5 22. Ra3 Qb6 23. Qf3 Qa6 24. Be3 Qc4 25. Kg2 Re4 26. Rda1 Rde8 27. Qd1 Qc8
28. h4 Bg4 29. Qd2 Bxd4 30. cxd4 Qf5 31. Re1 Bf3+ 32. Kh2 Rxh4+ 33. gxh4 0-1